[Event "RUS-ch 1/2 fin"]
[Site "Tula"]
[Date "2002.??.??"]
[Round "1"]
[White "Ovetchkin, Roman"]
[Black "Synbulatov, Vladimir"]
[Result "1-0"]
[WhiteElo "2483"]
[BlackElo "2257"]
[PlyCount "60"]
[EventDate "2002.??.??"]
[EventType "swiss"]
[EventRounds "9"]
[EventCountry "RUS"]
[SourceTitle "EXT 2003"]
[Source "ChessBase"]
[SourceDate "2002.11.25"]
[SourceVersion "1"]
[SourceVersionDate "2002.11.25"]
[SourceQuality "1"]

1. e4 c5 2. Nf3 d6 3. Bb5+ Nc6 4. c3 a6 5. Ba4 Nf6 6. Qe2 b5 7. Bc2 Bb7 8. a4 b4 9. 0-0 e6 10. Rd1 Qb6 11. d4 bxc3 12. bxc3 cxd4 13. cxd4 Nb4 14. a5 Qc7 15. Ba4+ Bc6 16. d5 Bxa4 17. Rxa4 Rb8 18. Ba3 Qc2 19. Rxb4 Qxe2 20. Rxb8+ Ke7 21. Nc3 Qc4 22. dxe6 Kxe6 23. Rxf8 Qxc3 24. Ng5+ Kd7 25. Rxf7+ Kd8 26. Bxd6 Qb3 27. Bc7+ Kc8 28. Rc1 h6 29. Rxg7 Ne8 30. Bb6+ Kb8 1-0

[Event "RUS-ch 1/2 fin"]
[Site "Tula"]
[Date "2002.??.??"]
[Round "2"]
[White "Synbulatov, Vladimir"]
[Black "Trubizin, Alexander"]
[Result "1-0"]
[WhiteElo "2257"]
[BlackElo "2139"]
[PlyCount "87"]
[EventDate "2002.??.??"]
[EventType "swiss"]
[EventRounds "9"]
[EventCountry "RUS"]
[SourceTitle "EXT 2003"]
[Source "ChessBase"]
[SourceDate "2002.11.25"]
[SourceVersion "1"]
[SourceVersionDate "2002.11.25"]
[SourceQuality "1"]

1. d4 Nf6 2. c4 e5 3. dxe5 Ng4 4. Bf4 Nc6 5. Nf3 Bb4+ 6. Nbd2 Qe7 7. a3 Ngxe5 8. Nxe5 Nxe5 9. e3 Bxd2+ 10. Qxd2 d6 11. Qc3 Bf5 12. c5 0-0 13. Be2 Rac8 14. Bg3 Rfe8 15. Bb5 c6 16. cxd6 Qxd6 17. Rd1 Qxd1+ 18. Kxd1 cxb5 19. Bxe5 Rxc3 20. Bxc3 Rd8+ 21. Ke2 f6 22. h4 h5 23. f3 Kf7 24. Rg1 Be6 25. e4 a6 26. Ke3 g5 27. e5 fxe5 28. hxg5 Rd5 29. Ke4 Kg6 30. Bxe5 Kxg5 31. g4 hxg4 32. f4+ Kh4 33. Rh1+ Kg3 34. f5+ Kg2 35. Rh2+ Kg1 36. fxe6 Rxe5+ 37. Kxe5 Kxh2 38. e7 g3 39. e8Q g2 40. Qh5+ Kg3 41. Qg5+ Kf2 42. Qf4+ Ke2 43. Qg3 Kf1 44. Qf3+ 1-0